Loading...
| Literature - British | 0 | 9 | 1 | 2 | 85 | 65 | 98.67 | 3 | 9 | 24.01 | 63.64 |
| Literature - American | 0 | 8 | 1 | 1 | 75 | 71 | 101.88 | 2 | 8 | 19.29 | 48.64 |
| Literature - World | 0 | 6 | 1 | 2 | 55 | 60 | 109.00 | 1 | 6 | 10.76 | 28.64 |
| Literature - European | 0 | 5 | 1 | 0 | 45 | 68 | 99.80 | 1 | 4 | 12.46 | 28.18 |
| Fine Arts - Painting and Sculpture | 0 | 2 | 0 | 0 | 20 | 65 | 67.50 | 1 | 2 | 9.13 | 15.91 |
| Science - Other | 0 | 2 | 0 | 0 | 20 | 121 | 126.00 | 0 | 1 | 0.76 | 5.45 |
| Social Science | 0 | 1 | 0 | 0 | 10 | 83 | 83.00 | 0 | 1 | 3.20 | 5.45 |
| History - European | 0 | 1 | 0 | 0 | 10 | 74 | 74.00 | 0 | 0 | 3.96 | 3.64 |
| Other Academic | 0 | 1 | 0 | 0 | 10 | 64 | 64.00 | 1 | 1 | 17.65 | 33.33 |
| Fine Arts - Classical Music | 0 | 1 | 0 | 0 | 10 | 120 | 120.00 | 0 | 1 | 0.00 | 4.55 |
| Religion | 0 | 1 | 1 | 1 | 5 | 145 | 145.00 | 0 | 1 | 0.00 | 1.82 |
| Fine Arts - Other | 0 | 1 | 1 | 0 | 5 | 119 | 119.00 | 0 | 0 | 0.64 | 3.64 |
| Science - Biology | 0 | 0 | 1 | 0 | -5 | 0.00 | 0 | 0 | 0.00 | 0.00 | |
| Philosophy | 0 | 0 | 1 | 0 | -5 | 0.00 | 0 | 0 | 0.00 | 0.00 |